Quiz mon top crush célébrité en image - Statistiques

Statistiques générales
  • Ce quiz a été pris 74 fois
  • Le résultat moyen est 8 sur 28
Statistiques - réponses
Par images Réponse % Correct
Jenna Ortega
93%
Emma Myers
88%
Emma Watson
88%
Selena Gomez
76%
Margot Robbie
67%
Madison Beer
54%
Scarlett Johansson
54%
Madison McLaughlin
49%
Madelyn Cline
46%
Emilia Clarke
28%
Gal Gadot
27%
Ana De Armas
25%
Claire Holt
19%
Emily Kinney
10%
Adelaide Kane
9%
alycia debnam carey
7%
Crystal Reed
7%
Danielle Campbell
7%
Isabela Merced
7%
Maisie Williams
7%
Evie Templeton
6%
Willa Holland
6%
Alexa Nisenson
4%
Freya Allan
4%
Lauren Cohan
4%
Lola Flannery
4%
Christian Serratos
3%
Danay García
3%
Aucun quiz correspondant
Distribution des résultats
% des personnes avec chaque résultat
Percentile par nombre de réponses
Votre historique - résultats
Vous n’avez pas pris ce quiz